00475 2200169 4500001002100000008004100021035002000062245006300082100002800145260003300173300002100206020002200227084001800249082001200267650001600279990001000295INLIS000000000000666 ind  a0010-0422000659 aBest stories of Umar Bin KhaththabcMaulana Shilbi Nu'mani aNu'mani, Maulana Shilbi aJakarta :bKaysa Mediac2015 a488 hlm.c23 cm. a978-979-1479-85-1 a297.648 NU' b a297.648 aTokoh islam aU0274